000 01052naa a22002777a 4500
001 BR6100019
003 BR-BrBNA
005 20240918173217.0
007 ta
008 230509b bl.||||| |||| 00| 0 por d
040 _aBR-BrBNA
_bpor
_cBiblioteca Nacional de Agricultura
041 _a(Pt)
072 _aH60; H20
090 _aH60 BR6100019
100 1 _aCosta, A.S.
111 1 _a3. Seminario Brasileiro de Herbicidas e Ervas Daninhas
_cCampinas, SP (Brazil)
_d1960
245 1 _aErvas daninhas, importantes fonte de virus para as plantas cultivadas [transmissao de doenca]
260 3 _aCampinas, SP (Brasil):
_c1961.
500 _aAnais do 3. Seminario Brasileiro de Herbicidas e Ervas Daninhas Campinas, SP (Brasil): 1961. p. 69-72 (BR6100019-AM)H60
650 _aERVA DANINHA
650 _aVIRUS
650 _aTRANSMISSAO DE DOENCA
773 0 _tAnais do 3. Seminario Brasileiro de Herbicidas e Ervas Daninhas
_wH60 BR6100019
_gCampinas, SP (Brasil), 1961. p. 69-72
909 _a202404
_bLucia
_c55
_dLucia Elande
942 _cAM
_2AGRIS
999 _c303454
_d303454